=LDR 00000nam 2200000 4500 =001 INLIS000000000028245 =005 20130612130550 =008 ***********************************Ind** =035 ##$$0010-061300000028245 =041 ##$$a Ind =082 ##$$a 050 =090 ##$$a 050, Keb k =245 ##$$a Kebaya =260 ##$$a S.a] $b S.l] =300 ##$$a 32 hlm, ilus, 25 cm =650 ##$$a Kebaya =850 ##$$a NBPNMAT